Isara a voyage around essay
Guardat en:
| Autor principal: | |
|---|---|
| Format: | Llibre |
| Idioma: | anglès |
| Publicat: |
Bookcraft
2014
|
| Etiquetes: |
Afegir etiqueta
Sense etiquetes, Sigues el primer a etiquetar aquest registre!
|
MARC
| LEADER | 00000nam a22000007a 4500 | ||
|---|---|---|---|
| 008 | 201210b ||||| |||| 00| 0 eng d | ||
| 020 | |a 978-978-8457107 | ||
| 100 | |a SOYINKA, Wole. | ||
| 245 | |a Isara |b a voyage around essay |c Wole Soyinka |g vii, 314p | ||
| 260 | |b Bookcraft |c 2014 |h Ibadan |i 681017 |l PR9387.9 .So91s1 |m Soyinka, Wole – Family |m Essay |m Authors, Nigerian – 20th century – Family relationships |m Nigeria – Social life and customs | ||
| 942 | |a lcc |c BK |e ADEYEYE Y. S. | ||
| 952 | |0 0 |1 0 |2 lcc |4 0 |6 PR93879 S O91 S1 |7 0 |9 273 |a HOL |b HOL |c LP |d 2020-12-10 |l 0 |o PR9387.9 .So91s1 |p 2020-2011 |r 2020-12-10 00:00:00 |w 2020-12-10 |y BK | ||
| 999 | |c 112 |d 112 | ||